[Event "Junior Online 4NCL Division 4"]
[Site "online"]
[Date "2022.03.03"]
[EventDate "2022.03.03"]
[Round "4.57"]
[White "Shivhare, Shaurya"]
[WhiteElo "1075"]
[WhiteTeam "Wanstead Warriors D"]
[Black "He, Kingsley"]
[BlackElo "945"]
[BlackTeam "Colchester Juniors C"]
[Result "0-1"]
[PlyCount "50"]

1. e4 e5 2. Nf3 Nc6 3. Bc4 Bc5 4. O-O Nf6 5. Nc3 O-O 6. h3 d6 7. Nd5 Nxd5 8. Bxd5 Be6 9. Bb3 f5 10. exf5 Bxb3 11. axb3 Rxf5 12. Nh4 Qxh4 13. Qe2 Raf8 14. Ra4 Bxf2+ 15. Rxf2 Qxf2+ 16. Qxf2 Rxf2 17. Kh2 Rf1 18. Ra1 a5 19. c3 b5 20. b4 axb4 21. cxb4 Nxb4 22. Rb1 Nd3 23. Kg3 Nxc1 24. Ra1 Ne2+ 25. Kh2 Rxa1 0-1

[Event "Junior Online 4NCL Division 4"]
[Site "online"]
[Date "2022.03.03"]
[EventDate "2022.03.03"]
[Round "4.58"]
[White "Wilde, Grace"]
[WhiteElo "746"]
[WhiteTeam "Colchester Juniors C"]
[Black "Vege, Sanjith"]
[BlackElo "793"]
[BlackTeam "Wanstead Warriors D"]
[Result "1-0"]
[PlyCount "49"]

1. e4 e5 2. Nf3 Nc6 3. Nc3 Bb4 4. Bc4 Nf6 5. O-O O-O 6. Re1 Bxc3 7. dxc3 d6 8. Bg5 h6 9. Bh4 g5 10. Bg3 Bg4 11. h3 Bxf3 12. Qxf3 a6 13. h4 Nd7 14. hxg5 Qxg5 15. Bh2 Qd2 16. Qg4+ Kh8 17. Qxd7 Rad8 18. Qh3 Qxc2 19. Qxh6+ Kg8 20. Qg6+ Kh8 21. Bxf7 Rxf7 22. Qxf7 Qd2 23. Re3 Rg8 24. Rh3+ Qh6 25. Rxh6# 1-0

[Event "Junior Online 4NCL Division 4"]
[Site "online"]
[Date "2022.03.03"]
[EventDate "2022.03.03"]
[Round "4.61"]
[White "Peverett, Kian"]
[WhiteElo "1025"]
[WhiteTeam "Surrey Kings 3"]
[Black "Winlaw, Joseph"]
[BlackElo "1443"]
[BlackTeam "Chess Rising Stars"]
[Result "0-1"]
[PlyCount "74"]

1. e4 c6 2. d4 d5 3. f3 dxe4 4. fxe4 e5 5. Nf3 Bg4 6. c3 Nd7 7. Nbd2 Ngf6 8. Be2 Be7 9. Nxe5 Nxe5 10. dxe5 Bxe2 11. Qxe2 Nd7 12. e6 fxe6 13. O-O Qb6+ 14. Kh1 O-O-O 15. Rf7 Bf6 16. Nf3 Rhf8 17. Rxf8 Rxf8 18. Bg5 h6 19. Bf4 Bxc3 20. Bxh6 Qxb2 21. Qxb2 Bxb2 22. Rb1 gxh6 23. Rxb2 Ne5 24. Rf2 Nxf3 25. Rxf3 Rxf3 26. gxf3 c5 27. Kg2 c4 28. Kf2 c3 29. Ke2 b5 30. a3 a5 31. Kd3 b4 32. f4 Kd7 33. f5 exf5 34. exf5 Kd6 35. f6 Ke6 36. axb4 axb4 37. Kc4 Kxf6 0-1

[Event "Junior Online 4NCL Division 4"]
[Site "online"]
[Date "2022.03.03"]
[EventDate "2022.03.03"]
[Round "4.62"]
[White "Iyengar, Rangan"]
[WhiteElo "1403"]
[WhiteTeam "Chess Rising Stars"]
[Black "Chapple, Robin"]
[BlackElo "1104"]
[BlackTeam "Surrey Kings 3"]
[Result "1-0"]
[PlyCount "33"]

1. e4 c6 2. d4 d5 3. Nc3 dxe4 4. Nxe4 Nf6 5. Nxf6+ exf6 6. Nf3 Bf5 7. Bc4 Nd7 8. O-O Be7 9. d5 Nb6 10. Bb3 cxd5 11. Be3 Be6 12. Bxb6 Qxb6 13. Ba4+ Bd7 14. Bxd7+ Kxd7 15. Qxd5+ Qd6 16. Qxb7+ Qc7 17. Rad1+ 1-0

[Event "Junior Online 4NCL Division 4"]
[Site "online"]
[Date "2022.03.03"]
[EventDate "2022.03.03"]
[Round "4.63"]
[White "Josse, Jack"]
[WhiteElo "1106"]
[WhiteTeam "Surrey Kings 3"]
[Black "Kumar, Sachin"]
[BlackElo "1379"]
[BlackTeam "Chess Rising Stars"]
[Result "0-1"]
[PlyCount "66"]

1. e4 c5 2. Nf3 e6 3. Nc3 d5 4. d3 d4 5. Bf4 dxc3 6. g3 cxb2 7. Rb1 Qa5+ 8. c3 Qxa2 9. Nd2 Bd7 10. Bh3 Ba4 11. Qe2 Bc2 12. O-O Bxb1 13. Nxb1 Be7 14. d4 cxd4 15. cxd4 Qa6 16. Qxb2 Nf6 17. Re1 O-O 18. e5 Nd5 19. Qc2 Nxf4 20. gxf4 Qc6 21. Qd3 Nd7 22. Nd2 Rad8 23. Nf3 Nc5 24. Qc2 Qxf3 25. Bg2 Qd3 26. Qa2 Na6 27. Be4 Qxd4 28. Bxb7 Nb4 29. Qe2 Qd3 30. Qf1 Qxf1+ 31. Rxf1 Nd5 32. Rd1 Nxf4 33. Rxd8 Rxd8 0-1

[Event "Junior Online 4NCL Division 4"]
[Site "online"]
[Date "2022.03.03"]
[EventDate "2022.03.03"]
[Round "4.64"]
[White "Sachter, David"]
[WhiteElo "980"]
[WhiteTeam "Chess Rising Stars"]
[Black "Oâ€™Sullivan, Jack"]
[BlackElo "978"]
[BlackTeam "Surrey Kings 3"]
[Result "1-0"]
[PlyCount "41"]

1. e4 e6 2. d4 d5 3. exd5 exd5 4. Nf3 Be6 5. Bd3 Nf6 6. Bg5 Be7 7. Nc3 O-O 8. Qd2 Nbd7 9. O-O-O c5 10. dxc5 Nxc5 11. Ne2 Nxd3+ 12. Qxd3 Ne4 13. Bxe7 Qxe7 14. Qe3 Rac8 15. Nf4 Qc7 16. c3 Bg4 17. Nxd5 Qc4 18. Ne7+ Kh8 19. Nxc8 Rxc8 20. Rd4 Qc6 21. Rxe4 1-0

[Event "Junior Online 4NCL Division 4"]
[Site "online"]
[Date "2022.03.03"]
[EventDate "2022.03.03"]
[Round "4.65"]
[White "Winlaw, Joseph"]
[WhiteElo "1443"]
[WhiteTeam "Chess Rising Stars"]
[Black "Peverett, Kian"]
[BlackElo "1025"]
[BlackTeam "Surrey Kings 3"]
[Result "0-1"]
[PlyCount "84"]

1. e4 c5 2. Nf3 Nc6 3. c3 d5 4. exd5 Qxd5 5. d4 g6 6. Na3 Bg7 7. Bc4 Qd8 8. O-O Nf6 9. Qe2 cxd4 10. cxd4 O-O 11. Re1 Re8 12. Bg5 Bf5 13. Ne5 Nxe5 14. dxe5 Ng4 15. Rad1 Qb6 16. e6 Bxe6 17. Bxe6 Qxe6 18. Qxe6 fxe6 19. Rxe6 Rad8 20. Rde1 Bxb2 21. Nc4 Bd4 22. Be3 Nxe3 23. Nxe3 Rd6 24. Nc4 Rxe6 25. Rxe6 Rc8 26. Ne3 Rc1+ 27. Nf1 Rc2 28. Ne3 Rxa2 29. Rxe7 b5 30. Rb7 Ra1+ 31. Nf1 b4 32. Rxb4 Bc5 33. Rb7 Ra2 34. Ne3 a5 35. Kf1 a4 36. Rb8+ Kg7 37. Ra8 a3 38. Ra5 Bb4 39. Rb5 Rb2 40. Nc4 Rb1+ 41. Ke2 a2 42. Rb7+ Kh6 0-1

[Event "Junior Online 4NCL Division 4"]
[Site "online"]
[Date "2022.03.03"]
[EventDate "2022.03.03"]
[Round "4.66"]
[White "Chapple, Robin"]
[WhiteElo "1104"]
[WhiteTeam "Surrey Kings 3"]
[Black "Iyengar, Rangan"]
[BlackElo "1403"]
[BlackTeam "Chess Rising Stars"]
[Result "0-1"]
[PlyCount "42"]

1. d4 Nf6 2. c4 g6 3. Nc3 Bg7 4. e4 d6 5. Nf3 Nbd7 6. Be2 O-O 7. Be3 e5 8. d5 Ne8 9. h4 h5 10. Rg1 Ndf6 11. Bg5 Bg4 12. Qd2 Qd7 13. O-O-O a6 14. Kb1 c6 15. Rc1 b5 16. cxb5 cxd5 17. exd5 Bf5+ 18. Ka1 axb5 19. Bxb5 Qa7 20. Be3 Qa5 21. Bd3 Nxd5 0-1

[Event "Junior Online 4NCL Division 4"]
[Site "online"]
[Date "2022.03.03"]
[EventDate "2022.03.03"]
[Round "4.67"]
[White "Kumar, Sachin"]
[WhiteElo "1379"]
[WhiteTeam "Chess Rising Stars"]
[Black "Josse, Jack"]
[BlackElo "1106"]
[BlackTeam "Surrey Kings 3"]
[Result "1-0"]
[PlyCount "27"]

1. e4 e5 2. Nf3 d5 3. exd5 Qxd5 4. Nc3 Qd6 5. Nb5 Qb6 6. Nxe5 Qxb5 7. Bxb5+ c6 8. Bc4 Nf6 9. Nxf7 Rg8 10. Qe2+ Kd7 11. Qe6+ Kc7 12. Qe5+ Kb6 13. a4 Na6 14. a5# 1-0

[Event "Junior Online 4NCL Division 4"]
[Site "online"]
[Date "2022.03.03"]
[EventDate "2022.03.03"]
[Round "4.68"]
[White "Oâ€™Sullivan, Jack"]
[WhiteElo "978"]
[WhiteTeam "Surrey Kings 3"]
[Black "Sachter, David"]
[BlackElo "980"]
[BlackTeam "Chess Rising Stars"]
[Result "0-1"]
[PlyCount "62"]

1. e4 e5 2. Nf3 Nc6 3. Bb5 a6 4. Ba4 d6 5. c3 f5 6. d3 fxe4 7. dxe4 Bg4 8. h3 Bh5 9. O-O Qd7 10. Bg5 Nf6 11. Nbd2 h6 12. Bh4 O-O-O 13. b4 Be7 14. Bb3 g5 15. Bg3 Qe8 16. a4 g4 17. Be6+ Kb8 18. hxg4 Bxg4 19. Bxg4 Nxg4 20. b5 Na5 21. bxa6 h5 22. axb7 h4 23. Bh2 h3 24. g3 Qg8 25. Nb3 Nxb3 26. Rb1 Nc5 27. a5 Nxh2 28. Nxh2 Nxe4 29. a6 Ka7 30. f3 Qxg3+ 31. Kh1 Qg2# 0-1

[Event "Junior Online 4NCL Division 4"]
[Site "online"]
[Date "2022.03.03"]
[EventDate "2022.03.03"]
[Round "4.71"]
[White "Yang, Mingkun"]
[WhiteElo "1250"]
[WhiteTeam "London Dragons Einsteinium"]
[Black "Hollands, Sam"]
[BlackElo "1180"]
[BlackTeam "Shropshire Juniors"]
[Result "0-1"]
[PlyCount "100"]

1. e4 c5 2. Bc4 d6 3. Nf3 Nf6 4. O-O Nxe4 5. Bb5+ Nd7 6. Bxd7+ Bxd7 7. Nc3 Nf6 8. Re1 e6 9. Ne4 Be7 10. Nxf6+ Bxf6 11. d3 O-O 12. Bg5 Bxg5 13. Nxg5 Qxg5 14. Re3 Bc6 15. Rg3 Qh6 16. Rh3 Qf6 17. Qh5 h6 18. Rf3 Bxf3 19. Qxf3 Qxf3 20. gxf3 f5 21. Re1 Rf6 22. c4 Rg6+ 23. Kh1 e5 24. a3 a6 25. b4 b6 26. bxc5 bxc5 27. Rg1 Rxg1+ 28. Kxg1 Rb8 29. a4 Rb3 30. a5 Rxd3 31. h4 Rxf3 32. h5 Rf4 33. Kg2 Rxc4 34. f3 d5 35. Kf2 d4 36. Ke2 Rc3 37. Kd2 Rxf3 38. Ke2 e4 39. Kd2 e3+ 40. Ke2 Rf2+ 41. Kd3 e2 42. Kd2 d3 43. Kxd3 e1=Q 44. Kc4 Rc2+ 45. Kd5 Qd1+ 46. Kc6 Rd2 47. Kxc5 Qc2+ 48. Kb6 Rd6+ 49. Ka7 Qc7+ 50. Ka8 Rd8# 0-1

[Event "Junior Online 4NCL Division 4"]
[Site "online"]
[Date "2022.03.03"]
[EventDate "2022.03.03"]
[Round "4.73"]
[White "Xu, Ryan"]
[WhiteElo "1000"]
[WhiteTeam "London Dragons Einsteinium"]
[Black "Wilson, Thomas"]
[BlackElo "944"]
[BlackTeam "Shropshire Juniors"]
[Result "0-1"]
[PlyCount "58"]

1. e4 Nc6 2. Nf3 e5 3. Bc4 Nf6 4. Ng5 Qe7 5. d3 d6 6. c3 Be6 7. Bb5 Bd7 8. d4 exd4 9. cxd4 Nxe4 10. Nxe4 Qxe4+ 11. Qe2 Qxe2+ 12. Bxe2 O-O-O 13. Bg5 Be7 14. Bxe7 Nxe7 15. Bh5 g6 16. Bf3 Nc6 17. Nd2 Rde8+ 18. Be2 Nxd4 19. O-O Rxe2 20. Rfe1 Bb5 21. Rxe2 Nxe2+ 22. Kf1 Ng3+ 23. Kg1 Ne2+ 24. Kh1 Re8 25. h3 Nd4 26. Rg1 Re2 27. f3 Rxd2 28. g4 Nxf3 29. Rg3 Rh2# 0-1

[Event "Junior Online 4NCL Division 4"]
[Site "online"]
[Date "2022.03.03"]
[EventDate "2022.03.03"]
[Round "4.75"]
[White "Hollands, Sam"]
[WhiteElo "1180"]
[WhiteTeam "Shropshire Juniors"]
[Black "Yang, Mingkun"]
[BlackElo "1250"]
[BlackTeam "London Dragons Einsteinium"]
[Result "1-0"]
[PlyCount "99"]

1. c4 e5 2. g3 Bc5 3. Bg2 Nf6 4. Nc3 O-O 5. e4 d6 6. Nge2 Bg4 7. O-O Bxe2 8. Qxe2 Nc6 9. d3 h6 10. a3 Nd4 11. Qd1 Nb3 12. Qxb3 b6 13. Qd1 g6 14. b4 Bd4 15. Bb2 Nh5 16. Ra2 Bxc3 17. Bxc3 Nf6 18. f4 exf4 19. Rxf4 Nh5 20. Rf1 Qg5 21. Raf2 Rae8 22. Bd2 Qe5 23. Bxh6 Qc3 24. Bxf8 Rxf8 25. Qa1 Qxd3 26. Rc1 c5 27. Rc3 Qd4 28. e5 Qxe5 29. Bd5 Nf6 30. Rd2 Qf5 31. Qf1 Qxf1+ 32. Kxf1 Nxd5 33. Rxd5 f5 34. Rxd6 g5 35. Rg6+ Kf7 36. Rxg5 f4 37. Rf5+ Ke8 38. Rxf8+ Kxf8 39. Rf3 Ke7 40. Rxf4 Ke6 41. h4 Ke7 42. g4 Ke6 43. g5 Ke5 44. Rg4 Kf5 45. Rg2 Kg6 46. h5+ Kxh5 47. g6 Kh6 48. g7 Kh7 49. g8=Q+ Kh6 50. Rh2# 1-0

[Event "Junior Online 4NCL Division 4"]
[Site "online"]
[Date "2022.03.03"]
[EventDate "2022.03.03"]
[Round "4.77"]
[White "Wilson, Thomas"]
[WhiteElo "944"]
[WhiteTeam "Shropshire Juniors"]
[Black "Xu, Ryan"]
[BlackElo "1000"]
[BlackTeam "London Dragons Einsteinium"]
[Result "0-1"]
[PlyCount "0"]

1. e4 Nc6 2. Nf3 e5 3. Bc4 Nf6 4. O-O Bc5 5. d3 Ng4 6. Qe2 O-O 7. Be3 Bb4 8. Ng5 d6 9. Bd5 Ne7 10. Bxf7+ Rxf7 11. Nxf7 Kxf7 12. Qf3+ Kg8 13. Nd2 Ng6 14. Nc4 Qh4 15. Rad1 Qxh2# 0-1

[Event "Junior Online 4NCL Division 4"]
[Site "online"]
[Date "2022.03.03"]
[EventDate "2022.03.03"]
[Round "4.81"]
[White "Liu, Reuben"]
[WhiteElo "961"]
[WhiteTeam "Surrey Kings 4"]
[Black "Botnari, Sofia"]
[BlackElo "922"]
[BlackTeam "Chess Challengers F"]
[Result "1-0"]
[PlyCount "55"]

1. e4 e5 2. Nf3 Qf6 3. Bc4 Bc5 4. Nc3 c6 5. O-O Qg6 6. d3 h6 7. Nh4 Qh7 8. h3 d5 9. exd5 cxd5 10. Bxd5 g5 11. Nf3 h5 12. Nxg5 Qg6 13. Bxf7+ Qxf7 14. Nxf7 Kxf7 15. Qf3+ Ke8 16. Nd5 Be6 17. Nc7+ Ke7 18. Nxa8 Nf6 19. Qxb7+ Kd6 20. Qc7+ Kd5 21. c4+ Kd4 22. Be3+ Kxd3 23. b3 Ne8 24. Qxc5 Nf6 25. Qxe5 Nbd7 26. Qxe6 Re8 27. Qd6+ Ke2 28. Qd2# 1-0

[Event "Junior Online 4NCL Division 4"]
[Site "online"]
[Date "2022.03.03"]
[EventDate "2022.03.03"]
[Round "4.82"]
[White "Mukherjee, Abhijay"]
[WhiteElo "1000"]
[WhiteTeam "Chess Challengers F"]
[Black "Edwards, Zachary"]
[BlackElo "882"]
[BlackTeam "Surrey Kings 4"]
[Result "1/2-1/2"]
[PlyCount "109"]

1. e4 e5 2. Nf3 Nc6 3. Bc4 Bc5 4. Nc3 Nf6 5. a3 d6 6. O-O Be6 7. Bxe6 fxe6 8. b4 Bb6 9. Na4 d5 10. Nxb6 cxb6 11. exd5 exd5 12. d3 e4 13. dxe4 dxe4 14. Qxd8+ Rxd8 15. Ng5 O-O 16. Nh3 a5 17. Nf4 Rfe8 18. bxa5 bxa5 19. Bd2 b6 20. c4 Ne5 21. Bc3 Nxc4 22. Ne2 Rd3 23. Bd4 Rd8 24. a4 R8xd4 25. Nxd4 Rxd4 26. Rfe1 Ng4 27. f3 Nge3 28. Rab1 Rd2 29. fxe4 Rxg2+ 30. Kh1 Ng4 31. Kxg2 Nd2 32. Rxb6 Ne5 33. Rb8+ Kf7 34. Rb7+ Kg6 35. Rb6+ Kf7 36. Re2 Ndc4 37. Rf2+ Ke7 38. Rb7+ Ke6 39. Rxg7 h6 40. h4 Ne3+ 41. Kg3 Kd6 42. Rf6+ Kc5 43. Rxh6 Kd4 44. Ra6 N3c4 45. Rg8 Kxe4 46. h5 Kf5 47. h6 Ng6 48. h7 Kg5 49. h8=Q Kf5 50. Qh5+ Ke4 51. Qxg6+ Kd4 52. Qg4+ Kc3 53. Qf3+ Kb4 54. Rb6+ Kxa4 55. Rg4 1/2-1/2

[Event "Junior Online 4NCL Division 4"]
[Site "online"]
[Date "2022.03.03"]
[EventDate "2022.03.03"]
[Round "4.83"]
[White "Goldhawk, Harrison"]
[WhiteElo "938"]
[WhiteTeam "Surrey Kings 4"]
[Black "Dixit, Atharva"]
[BlackElo "950"]
[BlackTeam "Chess Challengers F"]
[Result "0-1"]
[PlyCount "42"]

1. e4 e5 2. Nf3 Nc6 3. Bc4 h6 4. d4 Nxd4 5. Nxd4 exd4 6. Qxd4 Nf6 7. Bg5 Be7 8. Bxf6 Bxf6 9. e5 Qe7 10. O-O Bxe5 11. Qd5 Bxb2 12. Qd1 O-O 13. Re1 Qg5 14. Nc3 Bxc3 15. Rb1 Bxe1 16. Qxe1 d6 17. Rb5 Qg6 18. Rb3 b6 19. Bd3 Qg5 20. Be2 Bb7 21. Re3 Qxg2# 0-1

[Event "Junior Online 4NCL Division 4"]
[Site "online"]
[Date "2022.03.03"]
[EventDate "2022.03.03"]
[Round "4.84"]
[White "Raper, Lorna"]
[WhiteElo "1000"]
[WhiteTeam "Chess Challengers F"]
[Black "Fairrie, Ralph"]
[BlackElo "866"]
[BlackTeam "Surrey Kings 4"]
[Result "1-0"]
[PlyCount "63"]

1. d4 d5 2. Bf4 Nc6 3. Nf3 Bf5 4. e3 e6 5. Nc3 Nf6 6. Nb5 Bd6 7. Bg3 a6 8. Nxd6+ cxd6 9. Bd3 Bxd3 10. Qxd3 Qa5+ 11. c3 Qc7 12. O-O-O Ng4 13. h3 Nxf2 14. Bxf2 Ra7 15. Bg3 a5 16. c4 Qb6 17. cxd5 Qb5 18. Qxb5 exd5 19. Bxd6 Kd7 20. Qxd5 Rd8 21. Ne5+ Nxe5 22. Qxe5 Kc6 23. Qc5+ Kd7 24. Qxa7 Kxd6 25. Qxb7 Rd7 26. Qb8+ Rc7+ 27. Kb1 Kd7 28. Qb5+ Rc6 29. Rc1 Kc7 30. Qxc6+ Kd8 31. Qb7 Ke8 32. Rc8# 1-0

[Event "Junior Online 4NCL Division 4"]
[Site "online"]
[Date "2022.03.03"]
[EventDate "2022.03.03"]
[Round "4.85"]
[White "Botnari, Sofia"]
[WhiteElo "922"]
[WhiteTeam "Chess Challengers F"]
[Black "Liu, Reuben"]
[BlackElo "961"]
[BlackTeam "Surrey Kings 4"]
[Result "0-1"]
[PlyCount "90"]

1. e3 e5 2. Qh5 Nc6 3. Bc4 g6 4. Qf3 Nf6 5. g4 d5 6. Bb3 Bxg4 7. Qg3 Bd6 8. Qh4 h6 9. Qg3 e4 10. Qg2 Qd7 11. h3 Bf3 12. Qf1 Bxh1 13. d3 O-O-O 14. dxe4 dxe4 15. c4 Bh2 16. Nd2 Bxg1 17. Qxg1 Qxh3 18. c5 g5 19. Bxf7 Bg2 20. b3 Ne5 21. Bb2 Rxd2 22. Kxd2 Nf3+ 23. Ke2 Nxg1+ 24. Rxg1 Qf3+ 25. Kd2 Qxf2+ 26. Kc3 Qxg1 27. Be6+ Kb8 28. Kb4 Qe1+ 29. Bc3 Qxc3+ 30. Kxc3 h5 31. b4 Rd8 32. b5 a6 33. bxa6 bxa6 34. Bc4 a5 35. Be6 h4 36. c6 h3 37. Bxh3 Bxh3 38. a4 Rd5 39. Kc4 g4 40. Kb3 g3 41. Kc2 g2 42. Kb2 g1=Q 43. Kc2 Qxe3 44. Kb2 Rd2+ 45. Kc1 Qe1# 0-1

[Event "Junior Online 4NCL Division 4"]
[Site "online"]
[Date "2022.03.03"]
[EventDate "2022.03.03"]
[Round "4.86"]
[White "Edwards, Zachary"]
[WhiteElo "882"]
[WhiteTeam "Surrey Kings 4"]
[Black "Mukherjee, Abhijay"]
[BlackElo "1000"]
[BlackTeam "Chess Challengers F"]
[Result "1-0"]
[PlyCount "45"]

1. d4 d5 2. c4 e6 3. Nc3 dxc4 4. e4 h6 5. Bxc4 Bb4 6. Qd3 Nf6 7. a3 Bxc3+ 8. bxc3 O-O 9. Nf3 b6 10. O-O Bb7 11. Be3 Bxe4 12. Qe2 Bxf3 13. Qxf3 Nbd7 14. Rad1 a6 15. Qb7 b5 16. Bd3 Nb6 17. Rc1 Qd6 18. g3 Qxa3 19. Bf4 Rab8 20. Qxc7 Nbd5 21. Qe5 Ng4 22. Qe4 Nxc3 23. Qh7# 1-0

[Event "Junior Online 4NCL Division 4"]
[Site "online"]
[Date "2022.03.03"]
[EventDate "2022.03.03"]
[Round "4.87"]
[White "Dixit, Atharva"]
[WhiteElo "950"]
[WhiteTeam "Chess Challengers F"]
[Black "Goldhawk, Harrison"]
[BlackElo "938"]
[BlackTeam "Surrey Kings 4"]
[Result "0-1"]
[PlyCount "34"]

1. e4 d5 2. Nc3 dxe4 3. Nxe4 Nf6 4. Nxf6+ exf6 5. Bb5+ Bd7 6. Qe2+ Be7 7. Bc4 O-O 8. Bd3 Re8 9. Qe4 Bd6 10. Qxe8+ Qxe8+ 11. Ne2 Bc6 12. O-O Qe5 13. Ng3 Qg5 14. Re1 Bxg3 15. Re2 Bxh2+ 16. Kf1 Qxg2+ 17. Ke1 Qg1# 0-1

[Event "Junior Online 4NCL Division 4"]
[Site "online"]
[Date "2022.03.03"]
[EventDate "2022.03.03"]
[Round "4.91"]
[White "Fung, Jacob"]
[WhiteElo "1160"]
[WhiteTeam "Hilsmark Juniors 2"]
[Black "Gray, Kate"]
[BlackElo "859"]
[BlackTeam "Ojays G"]
[Result "0-1"]
[PlyCount "86"]

1. e4 e5 2. Nf3 Nc6 3. Bb5 d6 4. Nc3 Nf6 5. b3 Be7 6. Nd5 Nxe4 7. Nxe7 Qxe7 8. d3 Nf6 9. Ba3 O-O 10. O-O Bg4 11. h3 Bh5 12. g4 Bg6 13. d4 exd4 14. Nxd4 Nxd4 15. Qxd4 Bxc2 16. Rae1 Qd8 17. Rc1 Be4 18. g5 c5 19. Qd1 Nd5 20. Re1 Qxg5+ 21. Qg4 Qxg4+ 22. hxg4 Bf3 23. Kh2 Bxg4 24. Bc4 Nb6 25. Bd5 Nxd5 26. Bb2 f5 27. Kg3 a5 28. f3 Bh5 29. Kh4 Bxf3 30. Rg1 g6 31. Rcf1 Bg4 32. Kg5 Rfe8 33. Rh1 a4 34. a3 axb3 35. Ra1 Re2 36. Rhb1 Rh2 37. Rh1 Rxb2 38. Kh4 h5 39. a4 Rc2 40. a5 Bf3 41. Rh3 Rc3 42. Rg3 Kg7 43. Rh1 Bxh1 0-1

[Event "Junior Online 4NCL Division 4"]
[Site "online"]
[Date "2022.03.03"]
[EventDate "2022.03.03"]
[Round "4.93"]
[White "Cheung, Hoisen"]
[WhiteElo "1000"]
[WhiteTeam "Hilsmark Juniors 2"]
[Black "Goh, Timothy"]
[BlackElo "670"]
[BlackTeam "Ojays G"]
[Result "0-1"]
[PlyCount "62"]

1. e4 c6 2. d4 d5 3. Nc3 e6 4. Nf3 Nd7 5. Bg5 f6 6. Bh4 g5 7. Bg3 dxe4 8. Nxe4 f5 9. Nexg5 Qf6 10. Be5 Nxe5 11. dxe5 Qg6 12. Bd3 h6 13. Nh3 Ne7 14. Nh4 Qh7 15. Qh5+ Kd8 16. O-O Nd5 17. Bc4 Nb4 18. Bxe6 Bxe6 19. c3 Nc2 20. Rad1+ Kc8 21. Qe8+ Kc7 22. Qxa8 Bc5 23. Rfe1 Rxa8 24. Re2 f4 25. Nxf4 Bg4 26. Nf3 Qf5 27. Rxc2 Qxc2 28. Ne6+ Kb6 29. Neg5 Rd8 30. Nf7 Rxd1+ 31. Ne1 Rxe1# 0-1

[Event "Junior Online 4NCL Division 4"]
[Site "online"]
[Date "2022.03.03"]
[EventDate "2022.03.03"]
[Round "4.94"]
[White "Tomlinson, Cecilia"]
[WhiteElo "392"]
[WhiteTeam "Ojays G"]
[Black "Pal, Rishit"]
[BlackElo "647"]
[BlackTeam "Hilsmark Juniors 2"]
[Result "0-1"]
[PlyCount "118"]

1. e4 e5 2. Nf3 Nc6 3. Bc4 Nf6 4. Ng5 d5 5. exd5 Nxd5 6. Bxd5 Qxd5 7. Qh5 Bd6 8. c4 Qxc4 9. d3 Qd5 10. Nxf7 Qxf7 11. Qxf7+ Kxf7 12. O-O Rf8 13. Nc3 Kg8 14. Nd5 Be6 15. Ne3 Nd4 16. Bd2 c6 17. Ba5 b6 18. Bd2 Bd5 19. Ng4 e4 20. Rac1 Ne2+ 21. Kh1 Nxc1 22. Bxc1 exd3 23. Re1 Bb4 24. Re5 d2 25. Bxd2 Bxd2 26. h4 Bf4 27. Rf5 Rae8 28. Rxf4 Rxf4 29. f3 Re1+ 30. Kh2 h5 31. Kg3 Rb4 32. Kf2 Rxb2+ 33. Kxe1 Rxg2 34. Kf1 Bxf3 35. Ne3 Rxa2 36. Nc4 Be2+ 37. Ke1 Bxc4 38. Kd1 Kf7 39. Kc1 Ke6 40. Kb1 Rh2 41. Kc1 Ke5 42. Kd1 Ke4 43. Ke1 Ke3 44. Kd1 Kd3 45. Ke1 Ke3 46. Kd1 Rxh4 47. Kc2 Rd4 48. Kc3 h4 49. Kb4 h3 50. Ka4 h2 51. Kb4 h1=Q 52. Kc3 Qh4 53. Kc2 Bg8 54. Kc3 Ke4 55. Kc2 Kf5 56. Kc3 Rg4 57. Kd3 Qh3+ 58. Ke2 Rg2+ 59. Ke1 Qh1# 0-1

[Event "Junior Online 4NCL Division 4"]
[Site "online"]
[Date "2022.03.03"]
[EventDate "2022.03.03"]
[Round "4.95"]
[White "Gray, Kate"]
[WhiteElo "859"]
[WhiteTeam "Ojays G"]
[Black "Fung, Jacob"]
[BlackElo "1160"]
[BlackTeam "Hilsmark Juniors 2"]
[Result "1-0"]
[PlyCount "75"]

1. e4 Nf6 2. e5 Nd5 3. c4 Nf4 4. g3 Ng6 5. Nf3 d6 6. exd6 cxd6 7. Bd3 h6 8. O-O Bg4 9. Qe2 Ne5 10. Be4 f5 11. Bxb7 Bxf3 12. Bxf3 Nxf3+ 13. Qxf3 Nc6 14. Qxc6+ Kf7 15. Nc3 Rc8 16. Qa4 Rc7 17. Nd5 Rc5 18. d4 Ra5 19. Qc2 e6 20. Nf4 e5 21. dxe5 dxe5 22. Qxf5+ Ke8 23. Nd5 Be7 24. Qg6+ Kd7 25. b4 Bxb4 26. Nxb4 Ra4 27. Qc6+ Ke7 28. Nd5+ Kf8 29. Qxa4 Kf7 30. f4 Ke6 31. fxe5 Kxe5 32. Bf4+ Ke6 33. Rae1+ Kf5 34. Bc7+ Kg6 35. Bxd8 Rf8 36. Rxf8 Kh7 37. Qc2+ g6 38. Re7# 1-0

[Event "Junior Online 4NCL Division 4"]
[Site "online"]
[Date "2022.03.03"]
[EventDate "2022.03.03"]
[Round "4.96"]
[White "Sanchez-Montiel, Andy"]
[WhiteElo "1235"]
[WhiteTeam "Hilsmark Juniors 2"]
[Black "Srivastava, Avani"]
[BlackElo "900"]
[BlackTeam "Ojays G"]
[Result "1-0"]
[PlyCount "35"]

1. d4 d5 2. Nc3 Nf6 3. Nf3 Nc6 4. Qd3 e6 5. e4 Bd6 6. e5 Bb4 7. exf6 Bxc3+ 8. Qxc3 Qxf6 9. Bg5 Qf5 10. Bh4 O-O 11. Bd3 Qh5 12. O-O Re8 13. g3 e5 14. dxe5 Nxe5 15. Nxe5 Rxe5 16. Qxc7 h6 17. Qd8+ Re8 18. Qxe8# 1-0

[Event "Junior Online 4NCL Division 4"]
[Site "online"]
[Date "2022.03.03"]
[EventDate "2022.03.03"]
[Round "4.97"]
[White "Goh, Timothy"]
[WhiteElo "670"]
[WhiteTeam "Ojays G"]
[Black "Cheung, Hoisen"]
[BlackElo "1000"]
[BlackTeam "Hilsmark Juniors 2"]
[Result "0-1"]
[PlyCount "36"]

1. e4 e5 2. Bc4 Qh4 3. Nf3 Qxe4+ 4. Qe2 Qc6 5. Nxe5 Qc5 6. Nxf7+ Be7 7. Nxh8 Nc6 8. d3 b5 9. Bxg8 Nd4 10. Qe4 d5 11. Qxh7 g5 12. O-O Ne2+ 13. Kh1 Bg4 14. Be3 Qxc2 15. Na3 Qxb2 16. Bf7+ Kd7 17. Bc1 Qxa1 18. Bxg5 Qxf1# 0-1

[Event "Junior Online 4NCL Division 4"]
[Site "online"]
[Date "2022.03.03"]
[EventDate "2022.03.03"]
[Round "4.98"]
[White "Pal, Rishit"]
[WhiteElo "647"]
[WhiteTeam "Hilsmark Juniors 2"]
[Black "Tomlinson, Cecilia"]
[BlackElo "392"]
[BlackTeam "Ojays G"]
[Result "1-0"]
[PlyCount "59"]

1. e4 e5 2. f4 exf4 3. Nf3 Nf6 4. Nc3 Bc5 5. e5 Ng4 6. d4 Bb4 7. Bxf4 c5 8. Qd3 cxd4 9. Nxd4 Qh4+ 10. g3 Qe7 11. O-O-O Nf2 12. Qf3 Nxh1 13. Qxh1 b5 14. Qxa8 O-O 15. Qxb8 Qe6 16. Qxa7 Qg6 17. Bxb5 d5 18. Nxd5 Bg4 19. Rf1 Qh5 20. Nxb4 Qh3 21. Re1 Bh5 22. e6 fxe6 23. Rxe6 Rf7 24. Qb8+ Rf8 25. Qd6 Qg4 26. Be2 Qf5 27. Nxf5 h6 28. Bxh5 Rxf5 29. Bg6 Rf8 30. Qe7 1-0

[Event "Junior Online 4NCL Division 4"]
[Site "online"]
[Date "2022.03.03"]
[EventDate "2022.03.03"]
[Round "4.101"]
[White "Glover, Riley"]
[WhiteElo "1050"]
[WhiteTeam "Brentwood School C"]
[Black "Balakrishnan, Akshata"]
[BlackElo "792"]
[BlackTeam "Watford D"]
[Result "0-1"]
[PlyCount "82"]

1. e3 e5 2. d3 d5 3. Be2 Nc6 4. Bd2 Nf6 5. Nf3 Bc5 6. Nc3 O-O 7. O-O Bf5 8. h3 Qe7 9. Ng5 h6 10. Nf3 Rfe8 11. Nh4 Bh7 12. Na4 Bb6 13. d4 exd4 14. e4 dxe4 15. c3 e3 16. Be1 dxc3 17. Bxc3 exf2+ 18. Rxf2 Bxf2+ 19. Kxf2 Rad8 20. Qb3 Qxe2+ 21. Kg3 Nh5+ 22. Kh2 Nd4 23. Qxb7 Be4 24. Qxc7 Nf3+ 25. Nxf3 Bxf3 26. Rg1 Rc8 27. Qd7 Bc6 28. Qd4 Bxa4 29. Qxa4 Re7 30. Qh4 Re4 31. Re1 Rxh4 32. Rxe2 Rd8 33. Ba5 Rd1 34. g3 Ra4 35. Re8+ Kh7 36. Bc3 Rxa2 37. Re7 Rd3 38. Be5 f6 39. g4 fxe5 40. gxh5 Rxb2+ 41. Kg1 Rd1# 0-1